[Event "Vienna Chess Open 2015 Group A"]
[Site "Grosser Festsaal im Wiener Rathaus, 1010 Wien"]
[Date "2015.08.22"]
[Round "8"]
[Board "29"]
[White "Haugli, Petter"]
[Black "Theissl Pokorna, Regina"]
[Result "1-0"]
[WhiteElo "2247"]
[BlackElo "2362"]
[PlyCount "191"]
[EventDate "2015.08.15"]
[EventRounds "9"]
[EventCountry "AUT"]

1.d4 d5 2.c4 e6 3.Nc3 c5 4.cxd5 cxd4 5.Qa4+ Bd7 6.Qxd4 exd5 7.Qxd5 Nc6 8.Nf3 Nf6 9.Qb3
Be6 10.Qc2 Bc5 11.e3 O-O 12.Be2 Nb4 13.Qb1 Qd7 14.O-O Rad8 15.a3 Nbd5 16.Nxd5 Bxd5
17.b4 Be4 18.Qb3 Bd6 19.Bb2 Qf5 20.h3 Qg6 21.Rac1 Bd5 22.Qc2 Be4 23.Qc4 Bd5 24.Qh4
Ne4 25.Qg4 Qh6 26.Rfd1 f5 27.Qh4 Qxh4 28.Nxh4 Bb3 29.Rd4 g6 30.Nf3 Rde8 31.Rd3 Bf7
32.Ng5 Be5 33.Bxe5 Rxe5 34.Nxf7 Rxf7 35.Bf3 Kg7 36.Bxe4 Rxe4 37.Rdc3 Ree7 38.f3 Kf6
39.Kf2 Rd7 40.Ke2 Rfe7 41.a4 a6 42.g4 Rd6 43.Rd3 Rxd3 44.Kxd3 Rd7+ 45.Ke2 h6 46.Rc4
h5 47.gxh5 gxh5 48.h4 Rg7 49.Kf2 Re7 50.Rc8 Rd7 51.Rb8 Rc7 52.Rh8 Rc4 53.Rh6+ Kg7
54.Rb6 Rxh4 55.Rxb7+ Kg6 56.Rb6+ Kg7 57.a5 f4 58.e4 Rh2+ 59.Kg1 Rb2 60.b5 axb5 61.a6
b4 62.Rb5 Ra2 63.Rxh5 Rxa6 64.Rb5 Ra3 65.Kg2 Rb3 66.Rf5 Rb2+ 67.Kh3 b3 68.Kg4 Rb1
69.Rb5 b2 70.Kxf4 Kf6 71.Rb6+ Kf7 72.Ke5 Rf1 73.Rxb2 Rxf3 74.Rb7+ Ke8 75.Ke6 Kd8 76.e5
Ra3 77.Rb8+ Kc7 78.Rh8 Re3 79.Re8 Re1 80.Kf7 Rf1+ 81.Ke7 Rh1 82.Rf8 Rh7+ 83.Rf7 Rh6
84.e6 Kc6 85.Rf6 Rh7+ 86.Kf8 Rh8+ 87.Kg7 Rh1 88.Kf7 Rh7+ 89.Ke8 Rh8+ 90.Rf8 Rh7 91.e7
Kc7 92.Rf1 Rh8+ 93.Kf7 Rh7+ 94.Ke6 Rh6+ 95.Rf6 Rh8 96.Rf8 1-0

[Event "Vienna Chess Open 2015 Group A"]
[Site "Grosser Festsaal im Wiener Rathaus, 1010 Wien"]
[Date "2015.08.22"]
[Round "8"]
[Board "30"]
[White "Kevlishvili, Robby"]
[Black "Haria, Ravi"]
[Result "0-1"]
[WhiteElo "2357"]
[BlackElo "2243"]
[PlyCount "128"]
[EventDate "2015.08.15"]
[EventRounds "9"]
[EventCountry "AUT"]

1.e4 e6 2.d4 d5 3.Nd2 Nf6 4.e5 Nfd7 5.f4 c5 6.Ngf3 Nc6 7.Nb3 cxd4 8.Nfxd4 Nc5 9.Be3
Nxd4 10.Qxd4 b6 11.Be2 Be7 12.O-O O-O 13.c3 f6 14.exf6 Bxf6 15.Qd1 Qc7 16.Nd4 Bd7
17.Bf3 Rae8 18.Qd2 Kh8 19.g3 Ne4 20.Qg2 e5 21.fxe5 Qxe5 22.Rae1 Qc7 23.Bd1 Qc8 24.g4
Re7 25.Nf5 Bxf5 26.Rxf5 Rfe8 27.Ba4 b5 28.Bxb5 Nd6 29.Rxf6 Nxb5 30.Rf3 d4 31.a4 Nxc3
32.bxc3 dxe3 33.h3 Qxc3 34.Ref1 g6 35.Qa2 Qe5 36.Qe2 Kg7 37.Re1 Qd4 38.a5 Rb8 39.Rd1
Qc3 40.Rd3 Qa1+ 41.Rf1 Qxa5 42.Qf3 Qe5 43.Rd5 Qe6 44.Rc5 e2 45.Re1 Rf8 46.Qc3+ Kg8
47.Qc4 Qxc4 48.Rxc4 Kg7 49.Rc2 Rfe8 50.Ra2 Kf6 51.Ra5 h6 52.Kg2 Re5 53.Rxa7 Kg5 54.Rf7
R5e7 55.Rf3 Re3 56.Rf7 R8e6 57.Rh7 Re7 58.Rh8 Rf7 59.Rg8 Kh4 60.Rxg6 Rg3+ 61.Kh2 Rf2+
62.Kh1 Rgg2 63.Rxe2 Rxe2 64.Rxh6+ Kg3 0-1

[Event "Vienna Chess Open 2015 Group A"]
[Site "Grosser Festsaal im Wiener Rathaus, 1010 Wien"]
[Date "2015.08.22"]
[Round "8"]
[Board "31"]
[White "Krause, Benedict"]
[Black "Jessel, Stephen"]
[Result "1-0"]
[WhiteElo "2235"]
[BlackElo "2352"]
[PlyCount "121"]
[EventDate "2015.08.15"]
[EventRounds "9"]
[EventCountry "AUT"]

1.e4 e6 2.d4 d5 3.Nc3 Nf6 4.e5 Nfd7 5.f4 c5 6.Nf3 Nc6 7.Be3 cxd4 8.Nxd4 Bc5 9.Qd2
O-O 10.O-O-O a6 11.Qf2 Qe7 12.Bd3 f6 13.exf6 Nxf6 14.h3 Bd6 15.Kb1 Bd7 16.Rhe1 Rac8
17.g4 Nb4 18.Nf3 b5 19.Qd2 Nxd3 20.cxd3 b4 21.Ne2 b3 22.Nc3 bxa2+ 23.Ka1 Bb4 24.Bd4
Qd6 25.Qe3 a5 26.Ne5 Be8 27.Rc1 Qa6 28.Rf1 Bb5 29.Nxa2 Rfe8 30.g5 Nd7 31.h4 Bf8 32.Nxd7
Bxd7 33.h5 Bb5 34.Rxc8 Rxc8 35.Rd1 a4 36.h6 a3 37.b3 Be8 38.hxg7 Bxg7 39.Bxg7 Kxg7
40.Qd4+ Kg8 41.Rc1 Bg6 42.b4 Bf5 43.Rxc8+ Qxc8 44.Nc3 Qb8 45.b5 Qa8 46.Ka2 Kf7 47.b6
Qc6 48.Qb4 Qb7 49.d4 Bd3 50.Na4 Bc4+ 51.Kxa3 Qb8 52.Nc5 Qxf4 53.b7 Qb8 54.Qb6 Qg3+
55.Nb3 Qb8 56.Na5 Qg3+ 57.Kb4 Qe1+ 58.Kc5 Qc3 59.Qb4 Qc1 60.b8=Q Ba6+ 61.Kb6 1-0

[Event "Vienna Chess Open 2015 Group A"]
[Site "Grosser Festsaal im Wiener Rathaus, 1010 Wien"]
[Date "2015.08.22"]
[Round "8"]
[Board "32"]
[White "Lewicki, Miroslaw"]
[Black "Balla, Tamas-Kristof"]
[Result "1/2-1/2"]
[WhiteElo "2176"]
[BlackElo "2347"]
[PlyCount "134"]
[EventDate "2015.08.15"]
[EventRounds "9"]
[EventCountry "AUT"]

1.e4 e6 2.d4 d5 3.Nd2 Nc6 4.Ngf3 Nf6 5.e5 Nd7 6.c3 f6 7.exf6 Nxf6 8.Bb5 Bd6 9.Ne5
Bd7 10.Nxd7 Qxd7 11.Nf3 O-O 12.Ne5 Bxe5 13.dxe5 Ne8 14.Qe2 a6 15.Bd3 Ne7 16.O-O c5
17.Bg5 Rf7 18.Rad1 Qc7 19.f4 c4 20.Bb1 Qc5+ 21.Kh1 Nf5 22.Rde1 h6 23.g4 Ne3 24.Qxe3
Qxe3 25.Rxe3 hxg5 26.f5 Nc7 27.Rh3 exf5 28.gxf5 Re8 29.Re3 Kf8 30.Ree1 Rd7 31.Rg1
d4 32.cxd4 Rxd4 33.Rxg5 Rd2 34.e6 Nd5 35.Be4 Nf6 36.Bxb7 Rxb2 37.Bxa6 c3 38.Rg2 c2
39.Bd3 Rc8 40.Rc1 Rc3 41.Rgxc2 Rbxc2 42.Bxc2 Ng4 43.a4 Ne3 44.a5 Nxc2 45.a6 Ke7 46.a7
Ra3 47.Rg1 Ne3 48.Rxg7+ Kf6 49.Rg6+ Ke7 50.Rg3 Ra1+ 51.Rg1 Ra2 52.Rg7+ Kf6 53.Rf7+
Ke5 54.h4 Nxf5 55.e7 Nxe7 56.Rxe7+ Kf6 57.Rb7 Kg6 58.Kg1 Kh5 59.Kf1 Kxh4 60.Ke1 Kg5
61.Kd1 Kf6 62.Kc1 Ke6 63.Kb1 Ra5 64.Kb2 Kd6 65.Kb3 Kc6 66.Kb4 Kxb7 67.Kxa5 Kxa7 1/2-1/2

[Event "Vienna Chess Open 2015 Group A"]
[Site "Grosser Festsaal im Wiener Rathaus, 1010 Wien"]
[Date "2015.08.22"]
[Round "8"]
[Board "33"]
[White "Dimitrova, Alexandra"]
[Black "Ruff, Maximilian"]
[Result "0-1"]
[WhiteElo "2134"]
[BlackElo "2336"]
[PlyCount "84"]
[EventDate "2015.08.15"]
[EventRounds "9"]
[EventCountry "AUT"]

1.e4 e5 2.Nf3 Nc6 3.Bb5 a6 4.Ba4 Nf6 5.O-O Be7 6.Re1 b5 7.Bb3 d6 8.c3 O-O 9.h3 Na5
10.Bc2 d5 11.exd5 e4 12.Ng5 Nxd5 13.Nxe4 f5 14.Ng3 f4 15.Nf1 f3 16.g3 Bxh3 17.Be4
Bg2 18.Nh2 Qd7 19.Bxf3 Bxf3 20.Nxf3 Qf5 21.Kg2 Bd6 22.d4 Rf7 23.Rf1 h6 24.Nh2 Raf8
25.Nd2 Bxg3 26.Kxg3 Rf6 27.Ndf3 Rg6+ 28.Ng5 Nf4 29.Ng4 Rxg5 30.f3 h5 31.a4 hxg4 32.fxg4
Nh5+ 33.Kh4 Rxg4+ 34.Qxg4 Qxf1 35.Kxh5 Qh1+ 36.Qh4 Rf5+ 37.Bg5 Qxa1 38.Kg6 Rxg5+ 39.Kxg5
Qxb2 40.Qg4 Qd2+ 41.Kf5 Qf2+ 42.Ke5 Nc4+ 0-1

[Event "Vienna Chess Open 2015 Group A"]
[Site "Grosser Festsaal im Wiener Rathaus, 1010 Wien"]
[Date "2015.08.22"]
[Round "8"]
[Board "35"]
[White "Bannink, Bernard"]
[Black "Stanec, Nikolaus"]
[Result "0-1"]
[WhiteElo "2258"]
[BlackElo "2474"]
[PlyCount "86"]
[EventDate "2015.08.15"]
[EventRounds "9"]
[EventCountry "AUT"]

1.d4 Nf6 2.Bg5 g6 3.Bxf6 exf6 4.e3 d5 5.c4 dxc4 6.Bxc4 Bg7 7.Ne2 Nd7 8.Nbc3 f5 9.h4
Nf6 10.Nf4 Bh6 11.Qf3 O-O 12.O-O-O Qd6 13.g3 Bd7 14.h5 g5 15.Nfd5 Ne8 16.a3 c6 17.Nb4
Nf6 18.Kb1 Rae8 19.Nd3 Ne4 20.Nc5 Nxc3+ 21.bxc3 Bc8 22.Ka2 b6 23.Nb3 a5 24.d5 c5 25.Bb5
Bd7 26.Bxd7 Qxd7 27.g4 fxg4 28.Qf6 Bg7 29.Qxg5 h6 30.Qf4 f5 31.f3 a4 32.Nc1 b5 33.Rhg1
b4 34.axb4 cxb4 35.Qxb4 Rb8 36.Qa3 Qb5 37.Qb4 Qa6 38.Qf4 Qb6 39.Qb4 Qxe3 40.Qc4 Rfc8
41.Qd3 Qb6 42.Rg2 Rxc3 43.Qxf5 Qb4 0-1

[Event "Vienna Chess Open 2015 Group A"]
[Site "Grosser Festsaal im Wiener Rathaus, 1010 Wien"]
[Date "2015.08.23"]
[Round "9"]
[Board "1"]
[White "Rambaldi, Francesco"]
[Black "Rombaldoni, Axel"]
[Result "1/2-1/2"]
[WhiteElo "2517"]
[BlackElo "2515"]
[PlyCount "56"]
[EventDate "2015.08.15"]
[EventRounds "9"]
[EventCountry "AUT"]

1.d4 Nf6 2.c4 g6 3.Nc3 d5 4.cxd5 Nxd5 5.e4 Nxc3 6.bxc3 Bg7 7.Nf3 c5 8.Be3 O-O 9.Be2
b6 10.Rc1 Qc7 11.O-O Nd7 12.d5 Nf6 13.Nd2 c4 14.Bd4 Bh6 15.d6 Qd8 16.e5 Ne8 17.dxe7
Qxe7 18.f4 Ng7 19.Nxc4 Nf5 20.g4 Nxd4 21.cxd4 Rd8 22.Nd6 Rxd6 23.exd6 Qxd6 24.Bf3
Rb8 25.g5 Bg7 26.Qd2 Qxd4+ 27.Qxd4 Bxd4+ 28.Kg2 Be6 1/2-1/2

[Event "Vienna Chess Open 2015 Group A"]
[Site "Grosser Festsaal im Wiener Rathaus, 1010 Wien"]
[Date "2015.08.23"]
[Round "9"]
[Board "2"]
[White "Moroni, Luca"]
[Black "Buhmann, Rainer"]
[Result "1/2-1/2"]
[WhiteElo "2461"]
[BlackElo "2613"]
[PlyCount "120"]
[EventDate "2015.08.15"]
[EventRounds "9"]
[EventCountry "AUT"]

1.d4 Nf6 2.c4 e6 3.Nc3 Bb4 4.Nf3 b6 5.e3 O-O 6.Bd3 d5 7.O-O Bb7 8.Qe2 Nbd7 9.a3 Bxc3
10.bxc3 c5 11.a4 Qc7 12.cxd5 exd5 13.Ba3 Rfe8 14.Nd2 Bc6 15.a5 bxa5 16.Bxc5 Nxc5 17.dxc5
Reb8 18.Nf3 Bd7 19.c4 Qxc5 20.cxd5 Qxd5 21.e4 Qh5 22.e5 Nd5 23.Be4 Nc3 24.Qd3 Nxe4
25.Qxd7 Nc5 26.Qd5 Ne6 27.Qe4 a4 28.Qxa4 a5 29.Rfb1 Rxb1+ 30.Rxb1 Qf5 31.Rd1 h6 32.h3
Nf4 33.Qc6 Rc8 34.Qb7 Qc2 35.Rd7 Rf8 36.Rd2 Qc1+ 37.Kh2 Qf1 38.Nd4 Rd8 39.Qe4 g5 40.e6
fxe6 41.Nxe6 Rxd2 42.Nxf4 Qb5 43.Qe6+ Kf8 44.Qxh6+ Ke8 45.Qe6+ Kd8 46.Qf6+ Kd7 47.Qg7+
Kc6 48.Qc3+ Qc5 49.Qxd2 gxf4 50.Qe2 Kd6 51.h4 Qe5 52.Qa6+ Ke7 53.Qb7+ Kf6 54.Qc6+
Kg7 55.g3 fxg3+ 56.fxg3 Qe2+ 57.Kh3 Qf1+ 58.Kh2 Qf2+ 59.Kh3 Qf1+ 60.Kh2 Qf2+ 1/2-1/2

[Event "Vienna Chess Open 2015 Group A"]
[Site "Grosser Festsaal im Wiener Rathaus, 1010 Wien"]
[Date "2015.08.23"]
[Round "9"]
[Board "3"]
[White "Bánusz, Tamás"]
[Black "Manik, Mikulas"]
[Result "1-0"]
[WhiteElo "2586"]
[BlackElo "2410"]
[PlyCount "79"]
[EventDate "2015.08.15"]
[EventRounds "9"]
[EventCountry "AUT"]

1.Nf3 Nf6 2.c4 g6 3.g3 Bg7 4.Bg2 O-O 5.d4 c6 6.Nc3 d5 7.cxd5 cxd5 8.Ne5 e6 9.O-O Nfd7
10.Nf3 Nc6 11.Bf4 a6 12.Rc1 Nb6 13.b3 f6 14.Qd2 g5 15.Be3 Bd7 16.Rfd1 Qe7 17.Ne1 Rad8
18.f3 Be8 19.Bf2 f5 20.e3 f4 21.exf4 gxf4 22.g4 h5 23.h3 hxg4 24.hxg4 Bg6 25.Ne2 Qg5
26.Bf1 Rd7 27.Ng2 Rdf7 28.Re1 Nd7 29.Rc3 e5 30.dxe5 Ndxe5 31.Nd4 Nxd4 32.Bxd4 Nxg4
33.Bxg7 Rxg7 34.fxg4 Qxg4 35.Qxd5+ Bf7 36.Qf3 Qh4 37.Re4 Bd5 38.Bc4 Bxc4 39.Rexc4
Rd8 40.Rc8 1-0

[Event "Vienna Chess Open 2015 Group A"]
[Site "Grosser Festsaal im Wiener Rathaus, 1010 Wien"]
[Date "2015.08.23"]
[Round "9"]
[Board "4"]
[White "Dragnev , Valentin"]
[Black "Brunello, Sabino"]
[Result "1/2-1/2"]
[WhiteElo "2339"]
[BlackElo "2545"]
[PlyCount "183"]
[EventDate "2015.08.15"]
[EventRounds "9"]
[EventCountry "AUT"]

1.e4 e5 2.Nf3 Nc6 3.Bb5 a6 4.Ba4 Nf6 5.O-O Be7 6.d3 b5 7.Bb3 d6 8.a4 b4 9.Nbd2 O-O
10.Re1 Rb8 11.c3 bxc3 12.bxc3 d5 13.Qc2 dxe4 14.dxe4 Bc5 15.h3 h6 16.Nf1 Qe7 17.Be3
Bb7 18.Bd2 Rfd8 19.Ba2 Bc8 20.Ng3 Be6 21.Rad1 Bxa2 22.Qxa2 Qe6 23.Qxe6 fxe6 24.Rb1
Nd7 25.Kf1 Na5 26.Ke2 Nc4 27.Nf1 Kf7 28.Be3 Bxe3 29.Nxe3 Nxe3 30.fxe3 Rb6 31.Red1
Ke7 32.a5 Rc6 33.Rd3 Rc5 34.Rbd1 Rxa5 35.c4 Rc5 36.Nd2 Rc6 37.Ra1 Nc5 38.Rxd8 Kxd8
39.Nf3 Nxe4 40.Nxe5 Rc5 41.Nd3 Rxc4 42.Rxa6 Rc2+ 43.Kf1 Ke7 44.Nf4 Nd6 45.g4 Kf6 46.h4
g5 47.hxg5+ hxg5 48.Ne2 Rc4 49.Ra7 c5 50.Rc7 Nf7 51.Nd4 Ne5 52.Nb3 Rc3 53.Nxc5 Rxe3
54.Nb7 Nxg4 55.Nd6 Rd3 56.Rd7 Ne5 57.Ne8+ Kf5 58.Ng7+ Kf6 59.Ne8+ Kg6 60.Re7 Nc4 61.Rxe6+
Kf5 62.Ng7+ Kf4 63.Rf6+ Kg4 64.Ke2 Rd2+ 65.Ke1 Ra2 66.Ne6 Ra6 67.Rg6 Kh4 68.Kf2 Ra2+
69.Kg1 g4 70.Ng7 Ne3 71.Re6 Ra1+ 72.Kf2 Nd1+ 73.Kg2 Ra2+ 74.Kg1 Nf2 75.Nf5+ Kg5 76.Ng3
Nh3+ 77.Kh1 Kf4 78.Nh5+ Kg5 79.Ng3 Kf4 80.Nh5+ Kf5 81.Re8 Nf2+ 82.Kg1 Nd3 83.Ng3+
Kg5 84.Rg8+ Kf4 85.Nh5+ Kf3 86.Rf8+ Ke3 87.Re8+ Kd4 88.Rd8+ Kc4 89.Rg8 Ne5 90.Nf6
Nf3+ 91.Kf1 Kd3 92.Nxg4 1/2-1/2

[Event "Vienna Chess Open 2015 Group A"]
[Site "Grosser Festsaal im Wiener Rathaus, 1010 Wien"]
[Date "2015.08.23"]
[Round "9"]
[Board "5"]
[White "Antal, Gergely"]
[Black "Pop, Alexandru"]
[Result "1-0"]
[WhiteElo "2524"]
[BlackElo "2248"]
[PlyCount "53"]
[EventDate "2015.08.15"]
[EventRounds "9"]
[EventCountry "AUT"]

1.e4 c5 2.Nf3 d6 3.Bb5+ Bd7 4.Bxd7+ Qxd7 5.O-O Nf6 6.Qe2 Nc6 7.Rd1 e6 8.b3 Be7 9.Bb2
O-O 10.d4 cxd4 11.Nxd4 a6 12.c4 Rab8 13.Nc3 Nxd4 14.Rxd4 Qc6 15.a4 Nd7 16.Rd3 Nc5
17.Rg3 g6 18.Qh5 Bf6 19.Qh6 Rfe8 20.Rh3 Nxe4 21.Qxh7+ Kf8 22.Rf3 Re7 23.Rxf6 Nxf6
24.Qh6+ Ke8 25.Qh8+ Kd7 26.Qxb8 Qb6 27.c5 1-0

[Event "Vienna Chess Open 2015 Group A"]
[Site "Grosser Festsaal im Wiener Rathaus, 1010 Wien"]
[Date "2015.08.23"]
[Round "9"]
[Board "6"]
[White "Gevorgyan, Irina"]
[Black "Arkell, Keith"]
[Result "0-1"]
[WhiteElo "2206"]
[BlackElo "2488"]
[PlyCount "136"]
[EventDate "2015.08.15"]
[EventRounds "9"]
[EventCountry "AUT"]

1.Nf3 Nf6 2.c4 c5 3.Nc3 g6 4.d4 cxd4 5.Nxd4 Nc6 6.e4 d6 7.Be2 Bg7 8.Be3 O-O 9.Qd2
Nxd4 10.Bxd4 Be6 11.f3 Qa5 12.Rd1 Rfc8 13.Nd5 Qxd2+ 14.Rxd2 Bxd5 15.cxd5 Nd7 16.Bxg7
Kxg7 17.Kf2 Rc5 18.f4 f5 19.exf5 gxf5 20.Bf3 Nf6 21.Re1 Kf7 22.g3 Rac8 23.Re3 h5 24.h4
Rc1 25.Rde2 R8c7 26.Re1 R1c5 27.R1e2 a5 28.Rd3 b5 29.a3 Rc4 30.Rb3 b4 31.axb4 a4 32.Ra3
Rxb4 33.Ke3 Rcb7 34.Rd2 Kg6 35.Bd1 Rxb2 36.Rxb2 Rxb2 37.Bxa4 Nxd5+ 38.Kf3 Nf6 39.Re3
Ne4 40.Be8+ Kh6 41.Re2 Rxe2 42.Kxe2 Nxg3+ 43.Kf3 Ne4 44.Bd7 Kg6 45.Be8+ Kg7 46.Bd7
Kf6 47.Be8 Ke6 48.Bxh5 Nf6 49.Bg6 Ng4 50.Bh5 Nh6 51.Ke3 Kf6 52.Be8 Nf7 53.Ba4 Nh8
54.Be8 e6 55.h5 Nf7 56.Ba4 Nh6 57.Bc6 Kg7 58.Bd7 Kf7 59.Kf3 Ng4 60.Bc8 Nf6 61.h6 Nh7
62.Ke3 Nf8 63.Kd4 Kg6 64.Kc4 Kxh6 65.Kb5 Kg7 66.Kc6 d5 67.Kd6 Kf6 68.Ke5+ Kxe5 0-1

[Event "Vienna Chess Open 2015 Group A"]
[Site "Grosser Festsaal im Wiener Rathaus, 1010 Wien"]
[Date "2015.08.23"]
[Round "9"]
[Board "7"]
[White "Safarli, Eltaj"]
[Black "Danner, Georg"]
[Result "1-0"]
[WhiteElo "2644"]
[BlackElo "2385"]
[PlyCount "85"]
[EventDate "2015.08.15"]
[EventRounds "9"]
[EventCountry "AUT"]

1.e4 c5 2.Nf3 d6 3.Bc4 Nc6 4.c3 Nf6 5.Qe2 e6 6.Bb3 Be7 7.d4 cxd4 8.cxd4 d5 9.e5 Ne4
10.O-O O-O 11.Bc2 Ng5 12.Bxg5 Bxg5 13.Nc3 Bh6 14.Rad1 f6 15.Ba4 Ne7 16.exf6 gxf6 17.g3
Nf5 18.Rfe1 Nd6 19.Nh4 f5 20.Nf3 Ne4 21.Ne5 Bg7 22.Bb3 Qe7 23.f3 Nxc3 24.bxc3 Rd8
25.c4 a5 26.a4 Qb4 27.Qe3 dxc4 28.Bxc4 Qb6 29.Qf4 Rf8 30.Kh1 Kh8 31.d5 exd5 32.Bxd5
Bxe5 33.Qxe5+ Qf6 34.Qxf6+ Rxf6 35.Re8+ Kg7 36.Rg8+ Kh6 37.Rc1 Rd6 38.Rc4 f4 39.Rxf4
Rg6 40.Rh4+ Kg5 41.Rf8 Rd6 42.f4+ Kg6 43.Rg8+ 1-0

[Event "Vienna Chess Open 2015 Group A"]
[Site "Grosser Festsaal im Wiener Rathaus, 1010 Wien"]
[Date "2015.08.23"]
[Round "9"]
[Board "8"]
[White "Hawkins, Jonathan"]
[Black "Jackson, James"]
[Result "1-0"]
[WhiteElo "2554"]
[BlackElo "2367"]
[PlyCount "107"]
[EventDate "2015.08.15"]
[EventRounds "9"]
[EventCountry "AUT"]

1.Nf3 Nf6 2.c4 e6 3.g3 b6 4.Bg2 Bb7 5.O-O c5 6.Nc3 d6 7.Re1 a6 8.e4 Nbd7 9.d4 cxd4
10.Nxd4 Qc7 11.Nd5 exd5 12.exd5+ Ne5 13.f4 Nfd7 14.Nc6 g6 15.Be3 Bg7 16.fxe5 Nxe5
17.Qb3 O-O 18.Nxe5 Bxe5 19.Bxb6 Qe7 20.Qd3 Qf6 21.Rf1 Qg7 22.Rab1 a5 23.b3 f5 24.Be3
Rfe8 25.Rbd1 Re7 26.Bg5 Bf6 27.Bxf6 Qxf6 28.Rde1 Rae8 29.Rxe7 Qxe7 30.Qd2 Qc7 31.Re1
Qc5+ 32.Kf1 Kf7 33.Rxe8 Kxe8 34.Qc3 Qa3 35.Qh8+ Kd7 36.Qxh7+ Kc8 37.Qh8+ Kc7 38.Qg7+
Kb8 39.Qe7 a4 40.Bf3 Ba6 41.Be2 Bc8 42.Kg2 g5 43.Qd8 g4 44.Qb6+ Bb7 45.bxa4 Kc8 46.Qb1
Kc7 47.Qxf5 Bc8 48.Qh7+ Kb6 49.Qc2 Kc5 50.Bf1 Bd7 51.Qf2+ Kb4 52.Qb6+ Kxa4 53.Qa6+
Kb4 54.Qxd6+ 1-0

[Event "Vienna Chess Open 2015 Group A"]
[Site "Grosser Festsaal im Wiener Rathaus, 1010 Wien"]
[Date "2015.08.23"]
[Round "9"]
[Board "9"]
[White "Ruck, Robert"]
[Black "Trkulja, Goran"]
[Result "1-0"]
[WhiteElo "2552"]
[BlackElo "2304"]
[PlyCount "105"]
[EventDate "2015.08.15"]
[EventRounds "9"]
[EventCountry "AUT"]

1.Nf3 d5 2.d4 Bg4 3.Ne5 Bf5 4.c4 f6 5.Nf3 e6 6.Nc3 Nc6 7.cxd5 exd5 8.Bf4 g5 9.Bg3
h5 10.h3 Bd6 11.Bxd6 Qxd6 12.e3 Nge7 13.Bd3 O-O-O 14.Qc2 Qe6 15.O-O-O Bxd3 16.Qxd3
Nf5 17.Nd2 g4 18.Nb3 Nb4 19.Qe2 Qa6 20.Qxa6 Nxa6 21.g3 c6 22.a3 Nd6 23.Rdg1 b6 24.Rh2
f5 25.Rgh1 Nf7 26.Ne2 Nc7 27.Nf4 Kd7 28.hxg4 hxg4 29.Rh7 Rxh7 30.Rxh7 Ke7 31.Ng6+
Ke6 32.Kc2 Ne8 33.Nc1 Ned6 34.Nd3 Kf6 35.Nge5 Rc8 36.Nf4 a5 37.Nd7+ Ke7 38.Nxb6 Rb8
39.Na4 Ne4 40.Nd3 Kf6 41.Nac5 Kg6 42.Rh1 Nxc5 43.Nxc5 Nd6 44.Nd7 Rc8 45.Ne5+ Kg7 46.Nd3
Ne4 47.b3 a4 48.bxa4 Ra8 49.Rc1 Rxa4 50.Kb3 Ra6 51.Rc2 Rb6+ 52.Nb4 Rb7 53.a4 1-0

[Event "Vienna Chess Open 2015 Group A"]
[Site "Grosser Festsaal im Wiener Rathaus, 1010 Wien"]
[Date "2015.08.23"]
[Round "9"]
[Board "10"]
[White "Carow, Johannes"]
[Black "Heberla, Bartlomiej"]
[Result "1-0"]
[WhiteElo "2407"]
[BlackElo "2548"]
[PlyCount "75"]
[EventDate "2015.08.15"]
[EventRounds "9"]
[EventCountry "AUT"]

1.d4 Nf6 2.c4 e6 3.Nc3 d5 4.cxd5 exd5 5.Bg5 Be7 6.e3 c6 7.Qc2 Nbd7 8.Bd3 Nh5 9.Bxe7
Qxe7 10.O-O-O Nb6 11.h3 g6 12.Nf3 Ng7 13.Rhe1 Be6 14.Kb1 O-O-O 15.g4 Kb8 16.Na4 Nxa4
17.Qxa4 Ne8 18.Rc1 Nd6 19.Rc5 f6 20.Nd2 h5 21.f3 hxg4 22.hxg4 Rh2 23.Nb3 Nc4 24.Bxc4
dxc4 25.Na5 Rd5 26.Qb4 Rxc5 27.Nxc6+ Rxc6 28.Qxe7 c3 29.d5 Rb6 30.b3 Bc8 31.d6 Rb2+
32.Ka1 Rc6 33.d7 Bxd7 34.Qxd7 Rd2 35.Qe8+ Rc8 36.Qxg6 Rcd8 37.Rc1 Re2 38.Qxf6 1-0

[Event "Vienna Chess Open 2015 Group A"]
[Site "Grosser Festsaal im Wiener Rathaus, 1010 Wien"]
[Date "2015.08.23"]
[Round "9"]
[Board "11"]
[White "Kurajica, Bojan"]
[Black "Haugli, Petter"]
[Result "1-0"]
[WhiteElo "2513"]
[BlackElo "2247"]
[PlyCount "125"]
[EventDate "2015.08.15"]
[EventRounds "9"]
[EventCountry "AUT"]

1.Nf3 Nf6 2.c4 g6 3.g3 Bg7 4.Bg2 O-O 5.d4 d6 6.b3 c5 7.Bb2 cxd4 8.Nxd4 Qb6 9.O-O Nc6
10.e3 Bg4 11.Qd2 Rac8 12.h3 Bd7 13.Re1 Rfd8 14.Nc3 a6 15.Na4 Qa7 16.Nxc6 Bxc6 17.Bd4
Qb8 18.Nb6 Rc7 19.e4 Nd7 20.Bxg7 Kxg7 21.Nd5 Bxd5 22.exd5 Nf6 23.a4 Qa7 24.a5 Rb8
25.Bf3 b5 26.axb6 Rxb6 27.Bd1 Rb8 28.Ra5 Qb6 29.Bc2 Qb4 30.Qxb4 Rxb4 31.Rea1 Nd7 32.Rxa6
Nc5 33.R6a3 Rcb7 34.Rb1 Kf6 35.f4 h6 36.Kf2 g5 37.Ke3 Rb8 38.fxg5+ hxg5 39.Kd4 R8b7
40.Kc3 e6 41.Rd1 e5 42.h4 gxh4 43.gxh4 e4 44.h5 Ke5 45.h6 Rb8 46.h7 R4b7 47.Rh1 Rh8
48.Rh6 f6 49.b4 Nd7 50.Ra1 Nf8 51.Rh5+ f5 52.Re1 Rbxh7 53.Rxe4+ Kf6 54.Rxh7 Rxh7 55.Re8
Rh3+ 56.Kb2 Kf7 57.Re2 f4 58.c5 dxc5 59.bxc5 f3 60.Rd2 Ke7 61.d6+ Kd8 62.c6 Rh5 63.Be4 1-0

[Event "Vienna Chess Open 2015 Group A"]
[Site "Grosser Festsaal im Wiener Rathaus, 1010 Wien"]
[Date "2015.08.23"]
[Round "9"]
[Board "12"]
[White "Maier, Christian"]
[Black "Tari, Aryan"]
[Result "0-1"]
[WhiteElo "2382"]
[BlackElo "2510"]
[PlyCount "60"]
[EventDate "2015.08.15"]
[EventRounds "9"]
[EventCountry "AUT"]

1.e4 c6 2.d3 d5 3.Nd2 e5 4.Ngf3 Bd6 5.Be2 Nf6 6.O-O O-O 7.Re1 Re8 8.Bf1 Nbd7 9.c3
a5 10.Nh4 Bf8 11.Nf5 Nc5 12.Ng3 g6 13.Qc2 Bg7 14.h3 b6 15.Nf3 Bb7 16.Be3 Ncd7 17.Rad1
Qc7 18.Qc1 c5 19.Bh6 c4 20.Qg5 cxd3 21.Bxd3 dxe4 22.Bxg7 Kxg7 23.Bb5 Re6 24.Nh5+ Nxh5
25.Rxd7 Qc5 26.Nh4 Rf6 27.Qd2 Qxb5 28.Rxb7 Qc6 29.Rd7 Nf4 30.Kh2 Nd3 0-1

[Event "Vienna Chess Open 2015 Group A"]
[Site "Grosser Festsaal im Wiener Rathaus, 1010 Wien"]
[Date "2015.08.23"]
[Round "9"]
[Board "13"]
[White "Kindermann, Stefan"]
[Black "Krause, Benedict"]
[Result "1-0"]
[WhiteElo "2507"]
[BlackElo "2235"]
[PlyCount "63"]
[EventDate "2015.08.15"]
[EventRounds "9"]
[EventCountry "AUT"]

1.e4 c6 2.d4 d5 3.e5 Bf5 4.c4 e6 5.Nc3 Ne7 6.Be3 Nd7 7.c5 Bg6 8.f4 Nf5 9.Bf2 h5 10.Nf3
Be7 11.Be2 b6 12.b4 bxc5 13.bxc5 f6 14.O-O fxe5 15.fxe5 O-O 16.Bd3 Bh7 17.h3 g5 18.g4
hxg4 19.hxg4 Nh4 20.Bxh7+ Kxh7 21.Bxh4 gxh4 22.Qd3+ Kg7 23.Ne2 Qe8 24.Rab1 Rb8 25.Rxb8
Qxb8 26.Qe3 Rf7 27.Nf4 Nf8 28.Nh5+ Kg6 29.Nxh4+ Bxh4 30.Qd3+ Kh6 31.Rxf7 Ng6 32.Rg7 1-0

[Event "Vienna Chess Open 2015 Group A"]
[Site "Grosser Festsaal im Wiener Rathaus, 1010 Wien"]
[Date "2015.08.23"]
[Round "9"]
[Board "14"]
[White "Abdumalik, Zhansaya"]
[Black "Diermair, Andreas"]
[Result "1/2-1/2"]
[WhiteElo "2371"]
[BlackElo "2485"]
[PlyCount "90"]
[EventDate "2015.08.15"]
[EventRounds "9"]
[EventCountry "AUT"]

1.e4 e5 2.Nf3 Nc6 3.Bb5 a6 4.Ba4 Nf6 5.O-O Be7 6.Re1 b5 7.Bb3 d6 8.c3 O-O 9.h3 Bb7
10.d4 Re8 11.Nbd2 Bf8 12.d5 Nb8 13.Nf1 Nbd7 14.N3h2 a5 15.a4 b4 16.cxb4 axb4 17.Bg5
h6 18.Bxf6 Qxf6 19.Ng4 Qg5 20.Nge3 Nc5 21.Bc2 Bc8 22.Kh1 g6 23.Nd2 Bd7 24.b3 h5 25.Nf3
Qf6 26.Nc4 Bh6 27.Nb2 Kg7 28.Nd3 Na6 29.Nd2 Rh8 30.Rf1 Qh4 31.Nf3 Qe7 32.Nd2 Qh4 33.Nf3
Qf6 34.Nd2 Rae8 35.Qe2 Bg4 36.f3 Bc8 37.Nc4 Bd7 38.Qf2 Rhf8 39.Rae1 h4 40.Re2 Bf4
41.Qe1 Qg5 42.Nxf4 Qxf4 43.Nb2 f5 44.Nd3 Qg3 45.Ref2 Bc8 1/2-1/2

[Event "Vienna Chess Open 2015 Group A"]
[Site "Grosser Festsaal im Wiener Rathaus, 1010 Wien"]
[Date "2015.08.23"]
[Round "9"]
[Board "15"]
[White "Ruff, Maximilian"]
[Black "Mons, Léon"]
[Result "0-1"]
[WhiteElo "2336"]
[BlackElo "2464"]
[PlyCount "169"]
[EventDate "2015.08.15"]
[EventRounds "9"]
[EventCountry "AUT"]

1.d4 Nf6 2.c4 b6 3.f3 Nc6 4.Nc3 e5 5.d5 Ne7 6.e4 Ng6 7.Be3 Bc5 8.Qd2 d6 9.Nge2 h6
10.Nc1 O-O 11.Nd3 Bxe3 12.Qxe3 Nh7 13.O-O-O f5 14.exf5 Bxf5 15.Nf2 a6 16.Bd3 Nh4 17.Rhg1
Bxd3 18.Qxd3 Nf5 19.Nfe4 Nd4 20.Ne2 Nxe2+ 21.Qxe2 Qh4 22.g3 Qh5 23.Rgf1 Rf7 24.Rf2
Raf8 25.Rdf1 Ng5 26.Nxg5 Qxg5+ 27.Kb1 a5 28.Qe4 Qf5 29.Qxf5 Rxf5 30.Kc2 g5 31.Kd3
Kg7 32.Ke4 Kg6 33.b3 h5 34.Ke3 Ra8 35.a4 Rh8 36.Ke4 h4 37.Ke3 hxg3 38.hxg3 Rh3 39.Rg1
Rf7 40.Ke4 Rfh7 41.Ke3 Rh1 42.Rxh1 Rxh1 43.Rd2 Re1+ 44.Kf2 Rb1 45.Rd3 Rb2+ 46.Ke3
g4 47.fxg4 Kg5 48.Kf3 Rc2 49.Re3 Rd2 50.Re4 Rd3+ 51.Re3 Rd4 52.Re1 Rd3+ 53.Re3 Rd1
54.Re2 Rf1+ 55.Rf2 Rb1 56.Ke4 Rxb3 57.Rf7 Rxg3 58.Rxc7 Rxg4+ 59.Ke3 Rg3+ 60.Ke4 Rg4+
61.Ke3 Kf5 62.Rf7+ Kg6 63.Rc7 Kf6 64.Rd7 Rxc4 65.Rxd6+ Kf5 66.Rxb6 Rxa4 67.d6 Ke6
68.Ra6 Ra1 69.Ke4 Re1+ 70.Kf3 Rf1+ 71.Ke4 Rf4+ 72.Ke3 a4 73.Ke2 Rh4 74.Kf2 Rh2+ 75.Ke3
a3 76.Ke4 Rh4+ 77.Ke3 Rh1 78.Ke4 Ra1 79.Kd3 a2 80.Kc2 Rh1 81.Rxa2 Rh2+ 82.Kb1 Rxa2
83.Kxa2 Kxd6 84.Kb3 Kd5 85.Kc3 0-1